Que no se borren tus recuerdos : rescate de testimonios de maestros de Aguascalientes.

Gorde:
Xehetasun bibliografikoak
Formatua: Liburua
Hizkuntza:gaztelania
Gaiak:
Etiketak: Etiketa erantsi
Etiketarik gabe, Izan zaitez lehena erregistro honi etiketa jartzen!

MARC

LEADER 00000nam^a2200000^u^4500
001 000496386
005 20250521000000.0
008 060418s1000^^^^^^^^^^^^r^^^^^000^0^spa^d
009 20260310125610.54
022 |a 9686943536 
035 |a FCE 000039865 
037 |a Acervo ITESO - Biblioteca 
041 |a spa 
082 0 4 |a 370.712  |b GARq 
245 0 0 |a Que no se borren tus recuerdos :  |b rescate de testimonios de maestros de Aguascalientes. 
264 |a Aguascalientes, México :  |b Instituto de Educación de Aguascalientes,  |c 1995. 
300 |a 140 p. 
336 |a texto  |b txt  |2 rdacontenido 
337 |a sin mediación  |b n  |2 rdamedio 
338 |a volumen  |b nc  |2 rdasoporte 
649 |a XX 
650 |a Docentes 
650 |a Experiencia educativa 
650 |a Magisterio 
650 |a Actividades escolares 
650 |a Práctica docente 
650 |a Aguascalientes, México 
910 |a Fondo Centro de Estudios Educativos 
920 |a Impresos - Libros 
930 |a Fondos Especiales 
905 |a 133 
901 |a ALE040000  |b IT2  |c CEE  |u 20250521 
902 |a https://opac.biblio.iteso.mx/vufind/Record/000496386